000 00486nam a22001817a 4500
005 20230918113812.0
008 230907b |||||||| |||| 00| 0 eng d
020 _a9781844002283
082 _a747.888
_bHAL-C
100 _aHall,Dinah
245 _aCountry and Modern: Contemporary Interiors for Rural Settings
260 _aChina
_bQuadrille Publishing Limited
_c2006
300 _a160
500 _aInclude index
650 _aArchitecture
700 _aDinah Hall
999 _c33462
_d33462